000 00498nam a2200169Ia 4500
999 _c23325
_d23325
003 OSt
005 20231211115754.0
008 190216s9999||||xx |||||||||||||| ||und||
020 _a9788126418312
040 _coclc
082 _a954.83
_bMEN/K
100 1 _aSreedhara Menon, A.
_910096
245 0 _aKerala Rashtreeya Charithram 1885-1957 /
_cA Sreedhara Menon
260 _bDc Books,
_c2014.
_aKottayam:
300 _a98p
942 _cBK
_2ddc
_h954.83
_iMEN/K
_k954.83
_mMEN/K